| 000 | 00935cam a2200289 4500 | ||
|---|---|---|---|
| 001 | J2007 | ||
| 008 | 090401t1994 xxu||||| |||| 00| 0 eng d | ||
| 035 | _a(Sirsi) u46736 | ||
| 041 | _aeng | ||
| 050 | _a546.73 | ||
| 100 | _aButler, D.J.G. | ||
| 245 | _aMinimising refrigerant emissions from air conditioning systems in buildings. | ||
| 260 |
_aGarston, Watford _bBuilding Research Establishment _c1994 |
||
| 300 | _a(4)p. : ill. ; 30cm. | ||
| 350 | _a0 | ||
| 490 |
_aBRE Information Paper _v1/94 |
||
| 650 | _aBUILT ENVIRONMENT-BUILDING ELEMENTS-COMPLETE BUILDING SERVICES ELEMENTS-COMPLETE HEATING, VENTILATION AND AIR CONDITIONING SYSTEMS | ||
| 650 | _aCFCS | ||
| 650 | _aCHLOROFLUOROCARBONS | ||
| 650 | _aHCFCS | ||
| 650 | _aHYDROCHLOROFLUOROCARBONS | ||
| 650 | _aREFRIGERANTS | ||
| 690 | _aENVIRONMENTAL AND LAND CONSULTANCY | ||
| 710 | _aBuilding Research Establishment | ||
| 942 | _n0 | ||
| 948 | _c04/03/1997 | ||
| 999 |
_c91986 _d91986 |
||